000 00464nam a2200181Ia 4500
001 21116
005 20260306172855.0
008 260306t2013||||xx |||||||||||||| ||spa||
041 _aESP
082 _a344
_bR78
100 _aRojas Vargas, Fidel
_eAUT
245 0 _aDerecho penal:
_bestudios fundamentales de la parte general y especial
260 _c2013
300 _a558 páginas :
_c25 cm.
650 _aGEN
654 _aCDE
942 _cLIB
_dJUS
_fJUS
_2ddc
_n
999 _c21116
_d21116